Statistics for The 1975 - Paris Lyrics

Click here to take the quiz!

General Stats

  • This quiz has been taken 43 times
  • The average score is 326 of 407

Answer Stats

Answer% Correct
a
100%
"I
100%
I
100%
Paris
100%
said
100%
she
100%
She
100%
We
100%
In
97%
in
97%
love
97%
oh"
97%
Oh
97%
"Oh
97%
oh
97%
so
97%
the
97%
again"
93%
again
93%
again)
93%
friend?
93%
friend
93%
friends
93%
go
93%
I'd
93%
how
90%
Soho
90%
then
90%
to
90%
You
90%
you
90%
an
87%
and
87%
And
87%
(And
87%
know
87%
me
87%
was
87%
your
87%
all
83%
had
83%
"Hello"
83%
I'm
83%
"I'm
83%
letting
83%
my
83%
nose
83%
On
83%
on
83%
think
83%
clothes
80%
her
80%
of
80%
pain
80%
share
80%
for
77%
"I've
77%
I've
77%
leave
77%
back
73%
overdose
73%
you're
73%
You're
73%
As
70%
boyfriend's
70%
cause
70%
coat
70%
fag
70%
is
70%
it
70%
much
70%
Not
70%
packet
70%
racket
70%
that
70%
too
70%
where
70%
women's
70%
couldn't
67%
miss
67%
money
67%
noise
67%
party
67%
spent
67%
walking
67%
wrists
67%
cutting
63%
don't
63%
enough
63%
hack
63%
"Hey
63%
just
63%
kept
63%
plan
63%
There
63%
we're
63%
wrote
63%
Because
60%
caught
60%
crowd
60%
kids
60%
lend
60%
man
60%
Man
60%
nihilist"
60%
picking
60%
same
60%
serotonin
60%
shame"
60%
what
60%
yourself
60%
bein'
57%
But
57%
but
57%
call
57%
cheered
57%
gram
57%
great
57%
suppose
57%
by
53%
cheat
53%
girlfriend
53%
goes?"
53%
got
53%
left
53%
Mister
53%
this
53%
train
53%
feet
50%
health
50%
piss
50%
sexual
50%
startin'
50%
stop
50%
two
50%
countin'
47%
eye
47%
holes
47%
Hyper
47%
I'll
47%
Keepin'
47%
like
47%
magazine
47%
rolls"
47%
snow
47%
tab
47%
up
47%
face
43%
posh
43%
shelf
43%
well
43%
"Well
43%
clean
40%
Green
40%
myself"
40%
out
40%
putting
40%
"They're
40%
trysts
40%
bag
37%
believe
37%
heroin
37%
scene"
37%
uh
37%
arsehole
33%
at
33%
babe
33%
been
33%
done
33%
dreams
33%
only
33%
pointed
33%
politicised
33%
seeing
33%
Bethnal
30%
romanticising
23%

Score Distribution

Percentile by Number Answered

Percent of People with Each Score

Your Score History

You have not taken this quiz